<?xml version="1.0" encoding="UTF-8"?>
<record
    xmlns:xsi="http://www.w3.org/2001/XMLSchema-instance"
    xsi:schemaLocation="http://www.loc.gov/MARC21/slim http://www.loc.gov/standards/marcxml/schema/MARC21slim.xsd"
    xmlns="http://www.loc.gov/MARC21/slim">

  <leader>01821nam a2200229Ia 4500</leader>
  <controlfield tag="001">b6800-48833 </controlfield>
  <controlfield tag="003">IT-MiCISF</controlfield>
  <controlfield tag="005">20250703115926.0</controlfield>
  <controlfield tag="008">161014s9999||||xx |||||||||||||| ||und||</controlfield>
  <datafield tag="040" ind1=" " ind2=" ">
    <subfield code="a">IT-MiCISF</subfield>
    <subfield code="c">IT-MiCISF</subfield>
  </datafield>
  <datafield tag="041" ind1=" " ind2=" ">
    <subfield code="a">it</subfield>
  </datafield>
  <datafield tag="100" ind1=" " ind2=" ">
    <subfield code="a">Censis</subfield>
    <subfield code="9">61081</subfield>
  </datafield>
  <datafield tag="245" ind1=" " ind2="0">
    <subfield code="a">43&#xB0; Rapporto sulla situazione sociale del Paese. 2009</subfield>
  </datafield>
  <datafield tag="260" ind1=" " ind2=" ">
    <subfield code="a"> Milano,</subfield>
    <subfield code="b">Franco Angeli,</subfield>
    <subfield code="c">2009</subfield>
  </datafield>
  <datafield tag="300" ind1=" " ind2=" ">
    <subfield code="a">pp. XXVI-688</subfield>
  </datafield>
  <datafield tag="500" ind1=" " ind2=" ">
    <subfield code="a">societ&#xE0;, lavoro, politiche-sociali, scuola, economia, massmedia, integrazione, devianza, famiglia /</subfield>
  </datafield>
  <datafield tag="520" ind1=" " ind2=" ">
    <subfield code="a"> Giunto alla quarantatreesima edizione, il Rapporto Censis affronta l'analisi e l'interpretazione dei pi&#xF9; significativi fenomeni socioeconomici del Paese. Le Considerazioni generali introducono il Rapporto sottolineando come quella italiana sia una societ&#xE0; replicante, che di fronte alla crisi ha riproposto il tradizionale modello adattativo-reattivo. Al tempo stesso, si segnalano quattro grandi processi di trasformazione: la complessa ristrutturazione del terziario, il protagonismo del mondo delle imprese, il ritorno agli interessi agiti rispetto al primato delle opinioni, il silenzioso sfarinamento del lungo ciclo dell'individualismo "fai da te". Nella seconda parte, La societ&#xE0; italiana al 2009, vengono affrontati i temi di maggiore interesse emersi nel corso dell'anno: i soggetti privati sul filo della crisi, l'impoverimento della dimensione pubblica, la centralit&#xE0; della variabile tempo. Nella terza e quarta parte si presentano le analisi per settori: la formazione, il lavoro e la rappresentanza, il welfare e la sanit&#xE0;, il territorio e le reti, i soggetti economici, i media e la comunicazione, il governo pubblico, la sicurezza e la cittadinanza.</subfield>
  </datafield>
  <datafield tag="650" ind1=" " ind2=" ">
    <subfield code="a">Societ&#xE0;</subfield>
    <subfield code="e">006</subfield>
  </datafield>
  <datafield tag="654" ind1=" " ind2=" ">
    <subfield code="a">rapporto</subfield>
  </datafield>
  <datafield tag="942" ind1=" " ind2=" ">
    <subfield code="c">BK</subfield>
    <subfield code="2">ddc</subfield>
  </datafield>
  <datafield tag="999" ind1=" " ind2=" ">
    <subfield code="c">210208</subfield>
    <subfield code="d">210208</subfield>
  </datafield>
  <datafield tag="999" ind1=" " ind2=" ">
    <subfield code="b">si</subfield>
  </datafield>
  <datafield tag="952" ind1=" " ind2=" ">
    <subfield code="0">0</subfield>
    <subfield code="1">0</subfield>
    <subfield code="4">0</subfield>
    <subfield code="6">B_680048833</subfield>
    <subfield code="7">1</subfield>
    <subfield code="a">CISF</subfield>
    <subfield code="b">CISF</subfield>
    <subfield code="d">2016-10-14</subfield>
    <subfield code="l">0</subfield>
    <subfield code="o">b6800-48833 </subfield>
    <subfield code="r">2016-10-14 00:00:00</subfield>
    <subfield code="w">2016-10-14</subfield>
    <subfield code="y">BK</subfield>
    <subfield code="z">Data import 15.10.2016 / by Epidotti, Vaglietti</subfield>
  </datafield>
</record>
